|
|
|
|
| LEADER |
01229nam a2200301 a 4500 |
| 001 |
5939 |
| 003 |
BD-DhAAL |
| 005 |
20150614091913.0 |
| 008 |
050614s1991 couab b 001 0 eng |
| 010 |
|
|
|a 91216762
|
| 020 |
|
|
|a 0813312221 (alk. paper)
|
| 020 |
|
|
|a 0813312493 (pbk. : alk. paper)
|
| 040 |
|
|
|a DLC
|c DLC
|d DLC
|d BD-DhAAL
|
| 050 |
0 |
0 |
|a DS549
|b .C66 1991
|
| 082 |
0 |
0 |
|a 959.704/3373
|2 20
|
| 245 |
0 |
0 |
|a Coming to terms :
|b Indochina, the United States, and the war /
|c edited by Douglas Allen and Ngô Vĩnh Long.
|
| 260 |
|
|
|a Boulder, Colo. :
|b Westview Press,
|c 1991.
|
| 300 |
|
|
|a x, 350 p. :
|b ill., maps ;
|c 24 cm.
|
| 500 |
|
|
|a "Published in cooperation with the Bulletin of concerned Asian scholars"--P. opposite t.p.
|
| 504 |
|
|
|a Includes bibliographical references (p. 321-325) and index.
|
| 541 |
|
|
|e 5939
|
| 650 |
|
0 |
|a Vietnam War, 1961-1975
|z United States.
|9 5867
|
| 651 |
|
0 |
|a Indochina
|x History.
|9 11955
|
| 700 |
1 |
|
|a Allen, Douglas,
|d 1941-
|9 11956
|
| 700 |
1 |
|
|a Ngô, Vĩnh Long.
|9 11957
|
| 942 |
|
|
|2 ddc
|c BK
|
| 999 |
|
|
|c 34695
|d 34695
|
| 952 |
|
|
|0 0
|1 0
|2 ddc
|4 0
|6 959_704337300000000_COM
|7 0
|9 54262
|a SCL
|b SCL
|c GEN
|d 2015-06-14
|e Gift: The Asia Foundation
|l 0
|o 959.7043373 COM
|p 3020005939
|r 2015-06-14
|t 1
|w 2015-06-14
|y BK
|